Droit civil

Gespeichert in:
Bibliographische Detailangaben
1. Verfasser: Carbonnier, Jean (VerfasserIn)
Format: Buch
Sprache:Französisch
Veröffentlicht: París Universitaires de France 1969
Ausgabe:6a. ed
Schriftenreihe:Thémis
Schlagworte:
Tags: Tag hinzufügen
Keine Tags, Fügen Sie den ersten Tag hinzu!

MARC

LEADER 00000nam a2200000 a 4500
001 UCS1428
003 CL-VaPUC
008 970509e19690000FR |||||||||||||||||fre|d
082 0 4 |a 346.44  |b CAR  |2 21 
100 0 |a Carbonnier, Jean  |e author  |9 385878 
245 1 0 |a Droit civil 
250 |a 6a. ed 
300 |a v 
942 |c BK 
945 |d 19970509 00:00:00  |a lriquelm 
260 |a París  |b Universitaires de France  |c 1969 
500 |a v.3: Les biens 
500 |a v.4: Les obligations 
650 0 |a Derecho civil  |9 255013 
650 0 |a Bienes  |9 255749 
650 0 |a Patrimonio  |9 257770 
650 0 |a Bienes raíces  |9 307158 
650 0 |a Obligaciones   |9 255578 
650 0 |a Contratos  |9 255153 
650 0 |a Actos jurídicos  |9 255748 
650 7 |a EFECTO DE LOS CONTRATOS  |2 CL-VaPUC  |9 385192 
583 |a last modification  |c 19970509 00:00:00  |k Rodrigo Vera 
490 0 |a Thémis 
999 |c 259521  |d 259519 
952 |0 0  |1 0  |4 0  |6 346_440000000000000_CAR_1969  |7 0  |8 P  |9 284342  |a BIBDER  |b BIBDER  |d 2019-11-19  |h v.3  |i 1846450  |o 346.44 CAR 1969  |p 1846450  |r 2023-01-25  |w 2019-11-19  |y BK  |k DER 
952 |0 0  |1 0  |4 0  |6 346_440000000000000_CAR_1969  |7 0  |8 P  |9 284343  |a BIBDER  |b BIBDER  |d 2019-11-19  |h v.4  |i 1846469  |l 2  |m 2  |o 346.44 CAR 1969  |p 1846469  |q 2025-12-31  |r 2021-10-16  |s 2021-10-16  |w 2019-11-19  |y BK  |k DER